Statistiche per Paesi che iniziano con la C

Clicka qui per fare il quiz!

Statistiche generali

  • Questo quiz è stato fatto 2,396 volte
    (1,968 dall'ultimo reset)
  • Il punteggio medio è 12 su 17

Statistiche sulle risposte

Paese % Corretto
Canada
94%
Cina
89%
Colombia
83%
Cile
80%
Cambogia
76%
Camerun
73%
Croazia
71%
Ciad
71%
Corea del Sud
68%
Costa Rica
68%
Cuba
68%
Corea del Nord
68%
Cipro
63%
Comoros
61%
Costa d'Avorio
59%
Capo Verde
49%
Città del Vaticano
38%

Distribuzione punteggi

Percentile per numero di risposta

Percentuale di utenti per punteggio

I tuoi punteggi nel tempo

Non hai fatto questo quiz dall'ultimo reset